Obec musí mít své zdroje.

Územnej samospráve chýba originálna vlastná finančná a majetková základňa. Miestne rozpočty boli závislé na štátnom rozpočte. Komplexná daňová reforma, ktorá by mala začať platiť od r. 1993 má upraviť súčasné rozpočtové vzťahy a umožniť vytvorenie nezávislosti obcí. Hlavné piliere majetkovej a finan...

ver descrição completa

Na minha lista:
Detalhes bibliográficos
Autor principal: Kovařík, M.
Outros Autores: Smolák, F.
Formato: Capítulo de Livro
Idioma:tcheco
Assuntos:
Tags: Adicionar Tag
Sem tags, seja o primeiro a adicionar uma tag!

MARC

LEADER 00000naa a2200000 4500
001 r002271
005 20221125080135.1
041 0 |a cze 
044 |a [CS] 
245 1 0 |a Obec musí mít své zdroje.  |c M. Kovařík, F. Smolák 
520 |a Územnej samospráve chýba originálna vlastná finančná a majetková základňa. Miestne rozpočty boli závislé na štátnom rozpočte. Komplexná daňová reforma, ktorá by mala začať platiť od r. 1993 má upraviť súčasné rozpočtové vzťahy a umožniť vytvorenie nezávislosti obcí. Hlavné piliere majetkovej a finančno rozpočtovej základne miest a obcí. Charakteristika potrebného inštrumentária nástrojov, korekcií, legislatívnych foriem umožňujúcich rozpočtovú sebestačnosť. 
610 2 0 |a mestá 
610 2 0 |a obce 
610 2 0 |a rozpočet miestny 
610 2 0 |a dane 
610 2 0 |a Čechy 
100 1 |a Kovařík, M. 
700 1 |a Smolák, F.